000 01445aam a2200325 i 4500
001 768714001
003 CO-MdFUSB
005 20250513171041.0
007 ta
008 230830t19811977us ||||g |||| 00| 0 spa d
020 _a0829710256
040 _bspa
_aCO-MdFUSB
_cCO-MdFUSB
_dCO-MdFUSBC
_erda
041 _aspa
_heng
082 0 4 _223
_a248
_bK371t
100 1 _aKent, Wilfred R.
_eautor
242 _aYes, I can change the shape of my world
_lespañol
245 0 0 _aTransforme su mundo interior
_c/ Wilfred R. Kent ; traducido por Edwin Sipowicz
264 1 _aMiami,FL., USA :
_bVida,
_c[1981]
264 4 _c©1981
300 _a208 páginas
_c; 18 cm
336 _atexto
_btxt
_2rdacontent
337 _2rdamedia
_asin mediación
_bn
338 _2rdacarrier
_avolumen
_bnc
505 _aInfluencia de la sociedad en el desarrollo cristiano -- Influencia de la religión en el desarrollo cristiano -- Hacia un cambio de personalidad -- Si, puedo cambiar mi mundo interior -- Las fuerzas que moldean al hombre -- El campo de batalla de la mente -- Los creyentes incrédulos -- Las limitaciones del entendimiento -- La sanidad y los santos -- Los momentos de tensión -- Las llaves de la felicidad, la prosperidad y el éxito -- La imagen de si mismo -- La vida en su más plena dimensión
563 _aRústico
650 1 0 _aVida cristiana
_919
700 _aSipowicz, Edwin.
_92591
_etraductor
942 _cBK
945 _aJTF-925
999 _c32219
_d32219